Zásobovacia logistika vo vybranej obchodnej spoločnosti

Salvato in:
Dettagli Bibliografici
Autore principale: Múčka, Attila (Autore)
Altri autori: Kuperová, Martina (Relatore della tesi)
Natura: Manoscritto Libro
Lingua:slovacco
Pubblicazione: 2018
Soggetti:
Accesso online:http://is.stuba.sk/zp/portal_zp.pl?podrobnosti=139440
Tags: Aggiungi Tag
Nessun Tag, puoi essere il primo ad aggiungerne!!

MARC

LEADER 00000ntm a22000003a 4500
001 stuzp69838
003 SK-STU
005 20180623211056.5
007 ta
008 150427s2015----xo-----f-mn---000-0-slo-d
040 |a STU  |b slo 
041 0 |a slo 
100 1 |a Múčka, Attila  |u 902024  |k Z4  |4 aut  |U Ústav manažmentu STU  |T ÚM - Oddelenie manažmentu chemických a potravinárskych technológií  |X 54935  |U R2024  |Y 408  |7 54935 
242 0 1 |a Supply Logistics in the Selected Trading Company  |y eng 
245 1 0 |a Zásobovacia logistika vo vybranej obchodnej spoločnosti 
260 |c 2018 
650 4 |a zásobovacia logistika  |2 slo 
650 4 |a náklady  |2 slo 
650 4 |a zákazník  |2 slo 
650 4 |a nákupné správanie  |2 slo 
650 4 |a supply logistics  |2 eng 
650 4 |a costs  |2 eng 
650 4 |a customer  |2 eng 
650 4 |a shopping behavior  |2 eng 
700 1 |a Kuperová, Martina  |u 902024  |k Z1  |4 ths  |U Ústav manažmentu STU  |T ÚM - Oddelenie manažmentu chemických a potravinárskych technológií  |X 1717  |U R2024  |Y 408  |7 A000001717 
856 4 |u http://is.stuba.sk/zp/portal_zp.pl?podrobnosti=139440